Το συναίσθημα της φιλοπατρίας εν τη δημώδει Δωδεκανησιακή ποιήσει

Αποθηκεύτηκε σε:
Λεπτομέρειες βιβλιογραφικής εγγραφής
Κύριος συγγραφέας: Βολονάκης, Μιχαήλ Δ.
Μορφή: Βιβλίο
Γλώσσα:Greek
Δημοσίευση: Εν Αθήναις : [χ.ό.], 1949.
Θέματα:
Ετικέτες: Προσθήκη ετικέτας
Δεν υπάρχουν, Καταχωρήστε ετικέτα πρώτοι!

MARC

LEADER 00000cam a2200000 i 4500
001 1/98416
008 081128s1949 gr | ||| |||| ||gre||
035 |l 10102084 
040 |a GR-MyUa   |b gre  |e AACR2  
041 0 |a gre 
082 7 |a 889.12   |2 (22) 
100 1 |a Βολονάκης, Μιχαήλ Δ. 
245 1 3 |a Το συναίσθημα της φιλοπατρίας εν τη δημώδει Δωδεκανησιακή ποιήσει   |h [ανάτυπο] /   |c Μιχαήλ Δ. Βολανάκη.  
260 |a Εν Αθήναις :   |b [χ.ό.],   |c 1949.  
300 |a 14 σ. ;   |c 23 εκ.  
500 |a Ανάτυπον εκ των "Ελληνικών δικαίων".  
500 |a Η καταλογογράφηση έγινε με βάση το εξώφυλλο.  
650 0 |a Greek poetry, Modern  |z Greece  |z Dodecanese Islands. 
650 0 |a Patriotism in poetry. 
651 0 |a Dodecanese Islands (Greece)  |x Civilization. 
852 |a INST  |b RHODES  |c AKA  |e 20081128  |h  889.12 ΒΟΛ  |p 005400031464  |q 005400031464  |t BK  |y 0 
901 |a BIBL4-2008-3 
970 |a ΧΑΡΙΟΠΟΛΙΤΟΥ  |b ΚΩΝΣΤΑΝΤΙΝΑ  |z 2008/11/28